00937nam a2200313Ia 4500008004000000041000800040082001600048100002000064245010300084260004300187300001100230650000700241650001300248650000800261650001400269650001500283650000800298650001300306650000700319650001700326650001000343650001600353650001200369650001100381690001500392906001100407999001900418952018600437210210b2009 xxu||||| |||| 00| 0 eng d aeng a150.02 LOBC aLOBO (Sandra S) aCOGMAP: one thousand multiple choice questions in psychology to crack the competitive examinations aMangalorebSchool of Social Workc2009 avi,134 ato athousand athe aquestions apsychology aone amultiple ain aexaminations acrack acompetitive aCOGMAP: achoice aPsychology a064511 c142849d142849 001040708Competitive ExamsaALbALcPsychologyd2021-02-17eSchool of Social Work, Roshni Nilaya, Mangalore-2g220.00l0o150.02 LOBCp064511r2021-02-17 00:00:00w2021-02-17yBK